000 00895nam a2200229 a 4500
001 BRCA_496
005 20190320203032.0
008 050323s2004 mx-a---##b---f000-0#spa-#
020 _a9709703021
040 _aDLC
_cDLC
050 4 _aNK4031
_b.T82 2004
245 1 0 _aTu barro suena a plata
_bcolección de cerámicas de Juan Rafael Coronel Rivera.
260 _aMéxico
_bCONACULTA : INBA
_c2004
300 _a72 p.
_bil. a color
_c19 cm.
500 _aCatálogo de la exposición realizada en el Museo Nacional de Arte (Ciudad de México), julio 2004 - marzo 2005
500 _aIncluye catálogo de obra
600 1 4 _aCoronel Rivera, Juan Rafael
_vExposiciones
_xColecciones de arte
_91704
650 1 4 _aCerámica mexicana
_vExposiciones
_91705
650 1 4 _aArte popular
_vExposiciones
_zMéxico
_91706
650 1 4 _aCerámica
_vExposiciones
_xColecciones privadas
_zMéxico
_91707
942 _2lcc
_cB
999 _c429
_d429